000 00553nam a2200217 a 4500
001 10878
003 CO-ViMGA
008 141112s2004 ck r 000 u spa d
020 _a9684322801
040 _aCO-ViMGA
_bspa
_cCO-ViMGA
082 0 4 _aCh 861.5 M47t3
100 1 _aMistral, Gabriela
_955034
245 1 0 _aDesolación - Ternura - Tala - Lagar
250 _a5
260 _aEd. Porrúa,
_cS.A.
300 _a251 p.
490 _aColección "Sepan Cuantos ..."
500 _aFecha : 1992
650 1 4 _aPOESIA CHILENA
_95643
942 _2ddc
_cBK
999 _c22098
_d22098